00553nam a2200157Ia 4500008004100000100001500041245008100056245003700137260004900174260000900223300001000232650001300242856004800255999001900303952007300322170221s9999 xx 000 0 und d aBruce Budd aSource engine marketing: a preliminary empirical analysis of web search data cBruce Budd, Alfaisal University. bJournal of Management and Marketing Research c2016 a5 : 2 xBusiness uhttp://www.aabri.com/manuscripts/121135.pdf c313530d313530 001040aCLbCLd2017-02-21l0r2017-02-21 00:00:00w2017-02-21yFOJ